000 00446nam a2200181Ia 4500
003 OSt
005 20250806160319.0
008 250729s2005 xx 000 0 und d
040 _cAL
041 _aeng
082 _a001.51 YADC
100 _aNunn Percy
_9221064
245 _aPrinciples of education
260 _aNew Delhi
_bDiscovery Publishing House
_c2005
300 _a338p
650 _aComputer Education
_9221065
942 _2ddc
_cBED
999 _c234839
_d234839